| 000 -LEADER |
| fixed length control field |
01066cam a22003133u 4500 |
| 001 - CONTROL NUMBER |
| control field |
10969981 |
| 003 - CONTROL NUMBER IDENTIFIER |
| control field |
Nust |
| 005 - DATE AND TIME OF LATEST TRANSACTION |
| control field |
20170105101223.0 |
| 006 - FIXED-LENGTH DATA ELEMENTS--ADDITIONAL MATERIAL CHARACTERISTICS |
| fixed length control field |
m d |
| 007 - PHYSICAL DESCRIPTION FIXED FIELD--GENERAL INFORMATION |
| fixed length control field |
cr n |
| 008 - FIXED-LENGTH DATA ELEMENTS--GENERAL INFORMATION |
| fixed length control field |
140928s2001 ||||||||s|||||||| ||||| d |
| 020 ## - INTERNATIONAL STANDARD BOOK NUMBER |
| International Standard Book Number |
9780821349724 |
| 020 ## - INTERNATIONAL STANDARD BOOK NUMBER |
| International Standard Book Number |
0821349724 |
| 035 ## - SYSTEM CONTROL NUMBER |
| System control number |
(WaSeSS)ssib019080712 |
| 040 ## - CATALOGING SOURCE |
| Original cataloging agency |
WaSeSS |
| Transcribing agency |
WaSeSS |
| Modifying agency |
WaSeSS |
| Description conventions |
rda |
| 210 10 - ABBREVIATED TITLE |
| Abbreviated title |
World Bank Annual Report 2001 / |
| 245 00 - TITLE STATEMENT |
| Title |
World Bank Annual Report 2001 / |
| Statement of responsibility, etc. |
World Bank. |
| 264 #1 - PRODUCTION, PUBLICATION, DISTRIBUTION, MANUFACTURE, AND COPYRIGHT NOTICE |
| Place of production, publication, distribution, manufacture |
[Place of publication not identified] : |
| Name of producer, publisher, distributor, manufacturer |
Washington, DC, |
| Date of production, publication, distribution, manufacture, or copyright notice |
2001. |
| 336 ## - CONTENT TYPE |
| Content type term |
text |
| Content type code |
txt |
| Source |
rdacontent |
| 337 ## - MEDIA TYPE |
| Media type term |
computer |
| Media type code |
c |
| Source |
rdamedia |
| 338 ## - CARRIER TYPE |
| Carrier type term |
online resource |
| Carrier type code |
cr |
| Source |
rdacarrier |
| 500 ## - GENERAL NOTE |
| General note |
Title from content provider. |
| 506 ## - RESTRICTIONS ON ACCESS NOTE |
| Terms governing access |
License restrictions may limit access. |
| 710 1# - ADDED ENTRY--CORPORATE NAME |
| Corporate name or jurisdiction name as entry element |
World Bank. |
| 773 #0 - HOST ITEM ENTRY |
| Title |
Open Knowledge Repository |
| 856 40 - ELECTRONIC LOCATION AND ACCESS |
| Uniform Resource Identifier |
<a href="http://www.columbia.edu/cgi-bin/cul/resolve?clio10969981">http://www.columbia.edu/cgi-bin/cul/resolve?clio10969981</a> |
| Public note |
Full text available from Open Knowledge Repository |
| 910 ## - USER-OPTION DATA (OCLC) |
| User-option data |
Serials Solutions supplemental brief record |
| 942 ## - ADDED ENTRY ELEMENTS (KOHA) |
| Source of classification or shelving scheme |
|
| Koha item type |
Book |